000 00243nam a22001097a 4500
082 _a741.642
100 _aDayal.Mala
_983505
245 _aThe Story of Hanuman
260 _aNew Delhi
_bRed Turtle Rupa
_c2016
650 _achildren
942 _cBK
999 _c68445
_d68445